Click the Character by Quote - Statistics

General Stats
  • This quiz has been taken 72 times
  • The average score is 8 of 20
Answer Stats
Hint Answer % Correct
I'm the king of the world!
82%
First rule of fight club is you do not talk about fight club
76%
Why can't I have a normal dog like everybody else?
70%
A boy's best friend is his mother
60%
I am serious, and don't call me Shirley
52%
Say 'what' again, I dare you, I double dare you
50%
I'm sorry, Dave. I'm afraid I can't do that
50%
What I want from each and every one of you is a hard-target search of every gas station, residence, warehouse, farmhouse, henhouse, outhouse and doghouse in that area
46%
No Mr. Bond I expect you to die
44%
I should have died out there with my men
42%
How do you shoot the devil in the back?
34%
Don't look at me like I'm freakin' Frankenstein
32%
Fuck you, asshole!
30%
Do not go in there!
30%
I forget the part where that's my problem
24%
Exit. E-X-I-T
24%
That's for blasphemy!
22%
I'm not leaving until I have a barrel full of Nazi hearts.
22%
The only thing I'll ever lay is a rug
16%
When I left yesterday, I turned the lights off!
12%
No matching quizzes found
Score Distribution
Percent of People with Each Score
Percentile by Number Answered
Your Score History
You have not taken this quiz